Daily Capital City Riddle #61 - Statistics

General Stats
  • This quiz has been taken 49 times
  • The average score is 28 of 36
Answer Stats
Type Answer % Correct
Found Letter A
100%
Found Letter E
100%
Alphabet Letter O
100%
Alphabet Letter B
97%
Found Letter I
97%
Alphabet Letter L
97%
Found Letter N
97%
Alphabet Letter R
97%
Alphabet Letter S
97%
Found Letter T
97%
Alphabet Letter D
95%
Alphabet Letter C
92%
Alphabet Letter G
92%
Alphabet Letter H
92%
Alphabet Letter M
90%
Alphabet Letter P
90%
Alphabet Letter K
85%
Alphabet Letter U
85%
Alphabet Letter Y
85%
Alphabet Letter W
82%
Correctly Placed Letter I
77%
Correctly Placed Letter A
74%
Alphabet Letter J
72%
Correctly Placed Letter N
72%
Found Letter V
69%
Correctly Placed Letter E
67%
Alphabet Letter X
67%
Correctly Placed Letter I
56%
Correctly Placed Letter N
56%
Correctly Placed Letter T
56%
Alphabet Letter F
54%
Correctly Placed Letter V
54%
Alphabet Letter Z
54%
Alphabet Letter Q
51%
Correctly Placed Letter E
49%
Mystery Capital Vientiane
46%
No matching quizzes found
Score Distribution
Percent of People with Each Score
Percentile by Number Answered
Your Score History
You have not taken this quiz